Heated Rivalry Episodes - Statistics

General Stats
  • This quiz has been taken 541 times
  • The average score is 4 of 6
Answer Stats
Episode Name % Correct
6 {The} {Cottage}
97%
4 {Rose}
78%
1 {Rookies}
71%
3 {Hunter}
62%
5 {I}'{ll} {Believe} {In} {Anything}
62%
2 {Olympians}
57%
No matching quizzes found
Score Distribution
Percent of People with Each Score
Percentile by Number Answered
Your Score History
You have not taken this quiz